Visualizzazione normale
Vista MARC
- Corsani, Bruno
di Personal Name
Records bibliografici associati: 1
001 - CONTROL NUMBER
- control field: 61703
003 - CONTROL NUMBER IDENTIFIER
- control field:
005 - DATE AND TIME OF LATEST TRANSACTION
- control field: 20250226110227.0
008 - FIXED-LENGTH DATA ELEMENTS
- fixed length control field: 250226|| aca||aabn | a|a d
040 ## - CATALOGING SOURCE
- Original cataloging agency:
- Transcribing agency:
100 ## - HEADING--PERSONAL NAME
- Personal name: Corsani, Bruno
670 ## - SOURCE DATA FOUND
- Source citation: Work cat.: ()360403: Schweizer, Eduard, 1913-2006. autore 61700, Il Vangelo secondo Marco., 1971.